Famous People Named Judy - Statistics

General Stats
  • This quiz has been taken 85 times
  • The average score is 4 of 8
Answer Stats
Life Hint Person % Correct
1922–1969 She sang "Somewhere Over the Rainbow" Judy Garland
95%
1942– She presided over an arbitration-based reality court show. Judy Sheindlin
80%
1934– She played Queen Elizabeth I in Shakespeare in Love Judi Dench
73%
1938– Author of Are You There God? It's Me, Margaret. Judy Blume
51%
1939– She sang "Send in the Clowns" in 1975. Judy Collins
27%
1975– Actress: Jawbreaker, What Women Want, 13 Going on 30, 27 Dresses Judy Greer
23%
1967– She played Carla Espinosa on Scrubs Judy Reyes
10%
1948– Actress of The Newcomers and To Sir, With Love Judy Geeson
8%
No matching quizzes found
Score Distribution
Percent of People with Each Score
Percentile by Number Answered
Your Score History
You have not taken this quiz